[Event "Dortmunder SV 1 - SG Drewer 1"]
[Site "Verbandsklasse, Gr. 1 2022/20"]
[Date "2022.11.06"]
[Round "4"]
[White "Zeldin, Leonid"]
[Black "Kraft, Marius"]
[Result "1/2-1/2"]
[WhiteElo "2042"]
[BlackElo "1675"]
[PlyCount "65"]
[EventDate "2022.??.??"]
[SourceDate "2022.10.02"]

1. g3 e5 2. Bg2 Nc6 3. c4 f5 4. Nc3 Nf6 5. d3 d6 6. e3 g5 7. Nge2 Bg7 8. Nd5
Be6 9. Nec3 a6 10. O-O Rb8 11. f4 exf4 12. exf4 g4 13. Re1 Kf7 14. Be3 Re8 15.
Qb3 Kg6 16. Bf2 Qd7 17. Rad1 Bxd5 18. cxd5 Rxe1+ 19. Rxe1 Ne7 20. a4 c5 {(=)}
21. a5 Qc7 22. Re6 Nc8 23. Qa4 b5 24. axb6 Rxb6 25. Qe8+ Kh6 26. Na4 Rb8 27.
Nxc5 dxc5 28. Rc6 Qe7 29. Qxe7 Nxe7 30. Rxa6 Rd8 {(=)} 31. d6 Ned5 32. Bxc5 Nd7
33. b4 1/2-1/2

[Event "Dortmunder SV 1 - SG Drewer 1"]
[Site "Verbandsklasse, Gr. 1 2022/20"]
[Date "2022.11.06"]
[Round "4"]
[White "Nordhoff, Georg"]
[Black "Brockmann, Fabian"]
[Result "0-1"]
[WhiteElo "1652"]
[BlackElo "1929"]
[PlyCount "92"]
[EventDate "2022.??.??"]
[SourceDate "2022.10.02"]

1. e4 c5 2. Nf3 Nc6 3. Bc4 g6 4. c3 e6 5. d3 Bg7 6. Be3 d6 7. Nbd2 Nf6 8. h3
O-O 9. O-O Na5 10. Nh2 Nxc4 11. Nxc4 d5 12. Nd2 Qc7 13. f4 dxe4 14. Nxe4 b6 15.
Qa4 Nd5 16. Bd2 Rd8 17. Rad1 Bb7 18. Bc1 a6 19. g3 b5 20. Qc2 Nf6 21. Nxf6+
Bxf6 22. Be3 Qc6 23. Nf3 a5 24. Kh2 Rd7 25. Qf2 Rad8 26. d4 Qxf3 27. Qxf3 Bxf3
28. Rxf3 cxd4 29. Bxd4 Bxd4 30. Rxd4 Rxd4 31. cxd4 Rxd4 32. Rf2 Kf8 33. Rc2 Ke7
34. Kg2 Kd6 35. Kf2 Rd3 36. Re2 h6 37. h4 h5 38. Kg2 {(=)} a4 39. Kf2 b4 40.
Kg2 Kd5 41. Kf2 Kd4 42. Kg2 Kd5 43. Re5+ Kc4 44. Re4+ Rd4 45. b3+ axb3 46.
axb3+ Kc3 0-1

[Event "Dortmunder SV 1 - SG Drewer 1"]
[Site "Verbandsklasse, Gr. 1 2022/20"]
[Date "2022.11.06"]
[Round "4"]
[White "Alarand, Beshr"]
[Black "Crowe, David"]
[Result "1-0"]
[WhiteElo "1919"]
[BlackElo "1631"]
[PlyCount "41"]
[EventDate "2022.??.??"]
[SourceDate "2022.10.02"]

1. e4 c5 2. Nf3 Nc6 3. Bb5 d6 4. d4 cxd4 5. Nxd4 Bd7 6. Nc3 Nf6 7. O-O g6 8. h3
Bg7 9. Be3 O-O 10. Nxc6 Bxc6 11. Qd3 Qc7 12. f4 a6 13. Bxc6 Qxc6 14. Rad1 Rac8
15. e5 dxe5 16. fxe5 Nh5 17. Nd5 Qe6 18. Bg5 f6 19. exf6 exf6 20. Rde1 Qf7 21.
Re7 1-0

[Event "Dortmunder SV 1 - SG Drewer 1"]
[Site "Verbandsklasse, Gr. 1 2022/20"]
[Date "2022.11.06"]
[Round "4"]
[White "Broich, Rene"]
[Black "Wolff, Torsten"]
[Result "0-1"]
[WhiteElo "1448"]
[BlackElo "1864"]
[PlyCount "56"]
[EventDate "2022.??.??"]
[SourceDate "2022.10.02"]

1. d4 f5 2. c4 e6 3. Nc3 d5 4. Bf4 c6 5. Nf3 Bd6 6. Bxd6 Qxd6 7. Ne5 Nf6 8. e3
O-O 9. Be2 Bd7 10. Qb3 b6 11. c5 Qc7 12. cxb6 axb6 13. O-O Qa7 14. Rfc1 Rd8 15.
a3 Be8 16. Rc2 Qa5 17. Qa2 Nfd7 18. Nd3 Qa7 19. b4 Qb7 20. Rb1 Rc8 21. Qb3 Rc7
22. Bf3 Qa6 23. Be2 Qc8 24. Rbc1 Raa7 25. Na4 Nf8 26. Nxb6 Qa6 27. Nxd5 exd5
28. Qxd5+ cxd5 0-1

[Event "Dortmunder SV 1 - SG Drewer 1"]
[Site "Verbandsklasse, Gr. 1 2022/20"]
[Date "2022.11.06"]
[Round "4"]
[White "Meinschien, Finn"]
[Black "Reich, Kurt"]
[Result "1-0"]
[WhiteElo "1877"]
[BlackElo "1301"]
[PlyCount "33"]
[EventDate "2022.??.??"]
[SourceDate "2022.10.02"]

1. e4 e5 2. Nf3 Nc6 3. d4 d6 4. Bb5 Bd7 5. Nc3 a6 6. Bxc6 Bxc6 7. dxe5 dxe5 8.
Qxd8+ Kxd8 9. Nxe5 Bb4 10. Nxf7+ Ke8 11. Nxh8 Bxc3+ 12. bxc3 Bxe4 13. O-O Bxc2
14. Re1+ Kf8 15. Ba3+ Ne7 16. Rxe7 Kg8 17. Nf7 1-0

[Event "Unna- Günnigfeld"]
[Site "?"]
[Date "2022.11.06"]
[Round "4.1"]
[White "Freisen, Thomas"]
[Black "Barskij, Aleksandr"]
[Result "1/2-1/2"]
[WhiteElo "1942"]
[BlackElo "1882"]
[PlyCount "33"]
[SourceDate "2022.10.02"]

1. g3 Nf6 2. c4 g6 3. Nc3 d5 4. cxd5 Nxd5 5. Bg2 Nb6 6. h4 Bg7 7. Nf3 e5 8. d3
Nc6 9. h5 Bg4 10. hxg6 hxg6 11. Rxh8+ Bxh8 12. Bg5 f6 13. Be3 Nd4 14. Nh2 Bc8
15. Qd2 c6 16. Ne4 Nd5 17. Bxd4 1/2-1/2

[Event "Unna- Günnigfeld"]
[Site "?"]
[Date "2022.11.06"]
[Round "4.2"]
[White "Kraemer, Sascha"]
[Black "Jaennekes, Oliver"]
[Result "0-1"]
[WhiteElo "1911"]
[BlackElo "1933"]
[PlyCount "78"]
[SourceDate "2022.10.02"]

1. e4 c5 2. d4 cxd4 3. c3 dxc3 4. Nxc3 e6 5. Nf3 Nc6 6. Bc4 a6 7. O-O d6 8. Qe2
b5 9. Bb3 Nge7 10. Bf4 Ng6 11. Bg3 Ra7 12. Rfd1 Rd7 13. Rac1 Na5 14. Bc2 Be7
15. b4 Nc6 16. a4 Nxb4 17. Bb3 O-O 18. axb5 axb5 19. Nxb5 Ba6 20. Qd2 Bxb5 21.
Qxb4 Be2 22. Re1 Bxf3 23. gxf3 d5 24. Qb5 d4 25. Red1 Bg5 26. Rc6 Nf4 27. Bxf4
Bxf4 28. Rxe6 fxe6 29. Bxe6+ Rff7 30. Ra1 Qg5+ 31. Qxg5 Bxg5 32. Ra8+ Bd8 33.
Kf1 Kf8 34. Bxf7 Kxf7 35. Ke2 d3+ 36. Kd1 Bc7 37. Ra7 Ke7 38. h4 Bf4 39. Ra5
Rc7 0-1

[Event "Unna- Günnigfeld"]
[Site "?"]
[Date "2022.11.06"]
[Round "4.3"]
[White "Markus, Peter"]
[Black "Solberg- Morgner, Kirsten"]
[Result "1-0"]
[WhiteElo "1857"]
[BlackElo "1925"]
[PlyCount "45"]
[SourceDate "2022.10.02"]

1. e4 c5 2. Nc3 Nc6 3. f4 d6 4. Bb5 Bd7 5. Bxc6 Bxc6 6. Nf3 g6 7. O-O Bg7 8. d3
Nf6 9. Qe1 O-O 10. Qh4 e6 11. f5 exf5 12. exf5 Bxf3 13. Rxf3 Nh5 14. Qh3 Bd4+
15. Kh1 Qe7 16. Bd2 b5 17. Re1 Qb7 18. Ne4 d5 19. Ng5 h6 20. fxg6 hxg5 21. Qxh5
f6 22. Rh3 Qg7 23. Re7 1-0

[Event "Unna- Günnigfeld"]
[Site "?"]
[Date "2022.11.06"]
[Round "4.4"]
[White "Irlaender, Walter"]
[Black "Radi, Guenter"]
[Result "1-0"]
[WhiteElo "1782"]
[BlackElo "1901"]
[PlyCount "37"]
[SourceDate "2022.10.02"]

1. e4 c5 2. d4 cxd4 3. c3 dxc3 4. Nxc3 d6 5. Bc4 Nc6 6. Nf3 h6 7. h3 Nf6 8. e5
dxe5 9. Qxd8+ Nxd8 10. Nb5 Rb8 11. Nxe5 e6 12. Nc7+ Ke7 13. Be3 b6 14. Rd1 Bb7
15. O-O Nc6 16. Nxc6+ Bxc6 17. Bf4 Ne8 18. Nxe6 Rb7 19. Nd8 1-0

[Event "Unna- Günnigfeld"]
[Site "?"]
[Date "2022.11.06"]
[Round "4.5"]
[White "Bender, Markus"]
[Black "Franck, Axel"]
[Result "1/2-1/2"]
[WhiteElo "1849"]
[BlackElo "1710"]
[PlyCount "52"]
[SourceDate "2022.10.02"]

1. d4 c6 2. Bf4 d5 3. e3 Nf6 4. Nf3 Bg4 5. Nbd2 e6 6. Be2 Bd6 7. Ne5 Bxe2 8.
Qxe2 Bxe5 9. Bxe5 Nbd7 10. Bd6 Ng8 11. Qg4 Qf6 12. c3 Nh6 13. Qe2 Nf5 14. Ba3
Ne7 15. e4 e5 16. O-O O-O-O 17. dxe5 Qxe5 18. Nf3 Qe6 19. Nd4 Qf6 20. e5 Nxe5
21. Bxe7 Qxe7 22. Rae1 Rde8 23. f4 Ng6 24. Qg4+ Qd7 25. Nf5 Kc7 26. h3 Rxe1
1/2-1/2

[Event "Unna- Günnigfeld"]
[Site "?"]
[Date "2022.11.06"]
[Round "4.6"]
[White "Hendler, Markus"]
[Black "Bauer, Matthias"]
[Result "1-0"]
[WhiteElo "1501"]
[BlackElo "1623"]
[PlyCount "75"]
[SourceDate "2022.10.02"]

1. e4 e6 2. d4 d5 3. Nc3 Nf6 4. e5 Nfd7 5. f4 c5 6. Nf3 Nc6 7. Be3 cxd4 8. Nxd4
Nxd4 9. Qxd4 Bc5 10. Qd2 Bxe3 11. Qxe3 a6 12. Bd3 Qb6 13. Qxb6 Nxb6 14. O-O g6
15. Ne2 Bd7 16. Nd4 Rc8 17. b3 Ke7 18. g4 h5 19. g5 Rc5 20. Rfb1 Rhc8 21. a4
R5c7 22. a5 Na8 23. b4 Rc3 24. b5 Nc7 25. bxa6 bxa6 26. Rb6 Nb5 27. Nxb5 Bxb5
28. Bxb5 axb5 29. a6 Rxc2 30. a7 Rc1+ 31. Rxc1 Rxc1+ 32. Kf2 Rc2+ 33. Ke1 Rc1+
34. Kd2 Ra1 35. Rb7+ Kd8 36. Rb8+ Kc7 37. a8=Q Rxa8 38. Rxa8 1-0

[Event "Unna- Günnigfeld"]
[Site "?"]
[Date "2022.11.06"]
[Round "4.7"]
[White "Kampmann, Marcel"]
[Black "Konrad, Alexander"]
[Result "1-0"]
[WhiteElo "1566"]
[BlackElo "1688"]
[PlyCount "77"]
[SourceDate "2022.10.02"]

1. c4 Nf6 2. Nc3 g6 3. g3 Bg7 4. Bg2 O-O 5. Nf3 d6 6. d4 a6 7. O-O Nfd7 8. Qc2
Nc6 9. d5 Nce5 10. Nxe5 Nxe5 11. b3 Bf5 12. e4 Bd7 13. Bb2 c5 14. h3 f5 15. f4
Nf7 16. Rae1 b5 17. Nd1 Bxb2 18. Nxb2 fxe4 19. Qxe4 Re8 20. g4 Qa5 21. Qc2 Rab8
22. cxb5 Bxb5 23. Nc4 Bxc4 24. bxc4 Qa3 25. Re2 Qb4 26. Rfe1 Rb7 27. Be4 Kg7
28. Bd3 a5 29. Qc1 Kf8 30. f5 g5 31. f6 Ne5 32. fxe7+ Rexe7 33. Rf1+ Rf7 34.
Bf5 Qxc4 35. Qxg5 Qxe2 36. Qh6+ Kg8 37. Bxh7+ Kh8 38. Bd3+ Kg8 39. Bxe2 1-0

[Event "Unna- Günnigfeld"]
[Site "?"]
[Date "2022.11.06"]
[Round "4.8"]
[White "Seibert, Joachim"]
[Black "Evers, Klaus"]
[Result "0-1"]
[WhiteElo "1611"]
[BlackElo "1620"]
[PlyCount "112"]
[SourceDate "2022.10.02"]

1. e4 c5 2. Nf3 d6 3. g3 Nc6 4. b3 Nf6 5. d3 g6 6. Bb2 Bg7 7. Bg2 O-O 8. O-O
Qc7 9. Nbd2 Bd7 10. a3 Rac8 11. Rb1 e5 12. Nc4 Bh6 13. Bc1 Bxc1 14. Rxc1 Bg4
15. Qd2 Kg7 16. h3 Be6 17. Ne3 h6 18. Kh2 Qa5 19. Qxa5 Nxa5 20. c4 Nxb3 21. Rb1
Na5 22. Nd2 Rb8 23. f4 Bd7 24. fxe5 dxe5 25. Rf2 Ba4 26. Nf3 Nd7 27. h4 a6 28.
Bh3 f6 29. Nd5 Bc6 30. Nc7 Rfc8 31. Nd5 Re8 32. Nc7 Rec8 33. Nd5 Bxd5 34. exd5
Rd8 35. Nd2 b5 36. Bxd7 Rxd7 37. Ne4 f5 38. Nxc5 Rd6 39. Re2 Rc8 40. Ne6+ Kf6
41. Rbe1 bxc4 42. dxc4 e4 43. Nf4 Nxc4 44. Rc2 Nb6 45. Rxc8 Nxc8 46. Rc1 Nb6
47. Kg2 g5 48. hxg5+ hxg5 49. Nh5+ Kg6 50. g4 Nxd5 51. Kg3 f4+ 52. Kf2 Ne3 53.
Nxf4+ gxf4 54. Rc5 Nxg4+ 55. Ke2 f3+ 56. Ke1 e3 0-1

[Event "Katernberg 4- Kray"]
[Site "?"]
[Date "2022.11.06"]
[Round "4.1"]
[White "Happe, Ulrich"]
[Black "Huettemann, Karl- Heinz"]
[Result "1/2-1/2"]
[WhiteElo "2117"]
[BlackElo "2033"]
[Annotator "daniel"]
[PlyCount "123"]
[SourceDate "2022.10.02"]

1. Nf3 d5 2. g3 Nf6 3. Bg2 e6 4. O-O Be7 5. d4 O-O 6. c4 c6 7. b3 Nbd7 8. Bb2
b6 9. Nbd2 Bb7 10. Qc2 Rc8 11. Rac1 Re8 $11 12. Qb1 Nf8 13. Rfd1 N6d7 14. e4
dxe4 15. Nxe4 Nf6 16. Nc3 Qd6 17. Re1 Qb8 18. Rcd1 Qa8 19. Ne5 Red8 20. Ne4
Nxe4 21. Qxe4 Bd6 22. Qg4 Bxe5 23. Rxe5 Rc7 24. Ree1 Rcd7 25. h4 f5 26. Qf4 c5
27. Bxb7 Qxb7 28. Re2 cxd4 29. Rxd4 Rxd4 30. Bxd4 Qc6 31. Qe3 Rd7 32. Re1 Qd6
33. Bc3 Qd3 34. Qxd3 Rxd3 35. Bb4 f4 36. gxf4 Rh3 37. f5 Kf7 38. fxe6+ Nxe6 39.
Re4 h5 40. Kg2 Rd3 41. Re3 Rd4 42. Rf3+ Kg6 43. Be7 Rd7 44. Bg5 Rd4 45. Be7 Rd7
46. Bb4 Rd4 47. Re3 Kf7 48. Kh3 Nf4+ 49. Kg3 Ne6 50. f3 g6 51. a4 a5 52. Ba3
Rd1 53. Re5 Rd3 54. Rb5 Nd4 55. Rxb6 Rxf3+ 56. Kg2 Rxb3 57. Bc5 Rxb6 58. Bxb6
Nc6 59. Kf3 Ne5+ 60. Ke4 Nxc4 61. Bd8 Nb2 62. Bxa5 1/2-1/2

[Event "Katernberg 4- Kray"]
[Site "?"]
[Date "2022.11.06"]
[Round "4.2"]
[White "Jahrke, Jonas"]
[Black "Landau, Christian"]
[Result "1/2-1/2"]
[WhiteElo "1725"]
[BlackElo "2119"]
[Annotator "daniel"]
[PlyCount "70"]
[SourceDate "2022.10.02"]

1. d4 Nf6 2. c4 g6 3. Nc3 d5 4. Nf3 Bg7 5. e3 O-O 6. Be2 c5 7. O-O cxd4 8. Nxd4
Nc6 9. Nxd5 Nxd4 10. exd4 Nxd5 11. cxd5 Qxd5 12. Be3 Rd8 13. Bf3 Qb5 14. Qb3
Qxb3 15. axb3 Bxd4 16. Rfd1 e5 17. Bxd4 Rxd4 18. Rxd4 exd4 19. Rd1 $11 Be6 20.
Rxd4 Rc8 21. g3 b6 22. Bd1 Rc1 23. Kg2 Kf8 24. Kf3 Ke7 25. Ke3 Rc6 26. Kd2 Rd6
27. Rxd6 Kxd6 28. h4 h6 29. b4 Ke5 30. Ke3 f6 31. f4+ Kd5 32. Bb3+ Kd6 33. Bxe6
Kxe6 34. Ke4 a6 35. g4 Kd6 1/2-1/2

[Event "Katernberg 4- Kray"]
[Site "?"]
[Date "2022.11.06"]
[Round "4.3"]
[White "Laarmann, Gerd"]
[Black "Mamikonyan, Davit"]
[Result "0-1"]
[WhiteElo "1833"]
[BlackElo "1890"]
[PlyCount "72"]
[SourceDate "2022.10.02"]

1. e4 e6 2. d4 d5 3. exd5 exd5 4. Bd3 Nf6 5. h3 c5 6. dxc5 Bxc5 7. Qf3 Be6 8.
Ne2 Nc6 9. Bf4 Qb6 10. Nbc3 Nd4 11. Nxd4 Bxd4 12. Nb5 O-O 13. O-O Bc5 14. Nc3
Be7 15. Nb5 Rac8 16. Be3 Bc5 17. Bxc5 Rxc5 18. Nc3 Ra5 19. a3 d4 20. Ne2 Bd5
21. Qf4 Rd8 22. Qxd4 Qxd4 23. Nxd4 Bxg2 24. Kxg2 Rxd4 25. Rfe1 g6 26. f3 Rg5+
27. Kf2 Rh4 28. Re7 Rxh3 29. Rxb7 Nd5 30. Rf1 Rh2+ 31. Ke1 Rgg2 32. Rb8+ Kg7
33. Re8 Nf4 34. Be4 Re2+ 35. Kd1 Nd5 36. Re1 Ne3+ 0-1

[Event "Katernberg 4- Kray"]
[Site "?"]
[Date "2022.11.06"]
[Round "4.4"]
[White "Riesenbeck, Juergen"]
[Black "Greger, Helmut"]
[Result "0-1"]
[WhiteElo "2097"]
[BlackElo "1807"]
[PlyCount "92"]
[SourceDate "2022.10.02"]

1. e4 g6 2. d4 Bg7 3. f4 c5 4. c3 cxd4 5. cxd4 Qb6 6. Nf3 Nc6 7. e5 Nh6 8. Nc3
Nf5 9. Na4 Qa5+ 10. Bd2 Qd8 11. d5 Ncd4 12. g4 Nxf3+ 13. Qxf3 Nh6 14. f5 Rb8
15. f6 Bf8 16. d6 e6 17. Be2 b6 18. O-O Bb7 19. Qh3 Ng8 20. Rac1 Rc8 21. Rxc8
Qxc8 22. Rc1 Qb8 23. Bf3 Bc8 24. Bg2 Nxf6 25. Qc3 Kd8 26. Bg5 Bg7 27. exf6 Bf8
28. Qc7+ Qxc7 29. dxc7+ Ke8 30. Nc3 Bc5+ 31. Kh1 d5 32. a3 Kd7 33. b4 Bd6 34.
Nxd5 h6 35. Bf4 exd5 36. Bxd6 Kxd6 37. Rd1 Bb7 38. h4 Rc8 39. g5 hxg5 40. hxg5
Rxc7 41. Re1 Bc8 42. Re8 Be6 43. Bf1 Rc3 44. a4 d4 45. Bb5 Bd5+ 46. Kg1 Rg3+
0-1

[Event "Katernberg 4- Kray"]
[Site "?"]
[Date "2022.11.06"]
[Round "4.5"]
[White "Ophoven, Hermann"]
[Black "Sikorski, Thomas"]
[Result "1/2-1/2"]
[WhiteElo "1710"]
[BlackElo "1749"]
[PlyCount "59"]
[SourceDate "2022.10.02"]

1. c4 c6 2. Nc3 d6 3. Nf3 e5 4. d4 Nd7 5. e4 Be7 6. Be2 Ngf6 7. O-O O-O 8. h3
Re8 9. Be3 Qc7 10. d5 Nf8 11. Rc1 Ng6 12. Qd2 Bd7 13. Kh2 a5 14. Ng1 a4 15. a3
Qa5 16. g3 b5 17. cxb5 cxb5 18. f3 b4 19. Na2 bxa3 20. Qxa5 Rxa5 21. bxa3 Bb5
22. Bd2 Bxe2 23. Nxe2 Rb5 24. Nb4 Nd7 25. Nc3 Rc5 26. Nc6 Rc4 27. Na5 Rd4 28.
Rfd1 Nc5 29. Nc6 Rd3 30. Nb5 1/2-1/2

[Event "Katernberg 4- Kray"]
[Site "?"]
[Date "2022.11.06"]
[Round "4.6"]
[White "Wolff, Michael"]
[Black "Schmitz, Juergen"]
[Result "1-0"]
[WhiteElo "1877"]
[BlackElo "1868"]
[PlyCount "67"]
[SourceDate "2022.10.02"]

1. c4 f5 2. Nc3 Nf6 3. g4 Nxg4 4. e4 e6 5. Nf3 Be7 6. h3 Nf6 7. exf5 exf5 8. d4
Nc6 9. d5 Nb8 10. a3 d6 11. Bd3 g6 12. Bh6 Nbd7 13. Qe2 Nc5 14. Bc2 Rg8 15. b4
Nce4 16. Bd2 Kf7 17. Ng5+ Nxg5 18. Bxg5 Nxd5 19. Bxe7 Nxe7 20. O-O-O Re8 21.
Qd3 Nc6 22. f4 Be6 23. h4 Qf6 24. h5 a6 25. hxg6+ hxg6 26. Rh7+ Kf8 27. Qh3 Bf7
28. Kb1 g5 29. Nd5 Bxd5 30. cxd5 Ne7 31. Rh6 Qg7 32. Bxf5 Nxd5 33. Rh8+ Kf7 34.
Rh7 1-0

[Event "Katernberg 4- Kray"]
[Site "?"]
[Date "2022.11.06"]
[Round "4.7"]
[White "Kleeberg, Stefan"]
[Black "Fattah, Samir"]
[Result "1-0"]
[WhiteElo "1550"]
[BlackElo "1810"]
[PlyCount "79"]
[SourceDate "2022.10.02"]

1. d4 d5 2. c4 e6 3. Nc3 Nf6 4. Nf3 h6 5. e3 c6 6. Bd3 Bd6 7. c5 Bc7 8. a3 Nbd7
9. b4 e5 10. dxe5 Nxe5 11. Be2 Nxf3+ 12. Bxf3 Be5 13. Bb2 O-O 14. Na4 Bxb2 15.
Nxb2 b6 16. cxb6 axb6 17. O-O Ba6 18. Re1 Re8 19. a4 c5 20. b5 Bb7 21. Nd3 Ne4
22. Qc2 c4 23. Nf4 Qf6 24. Red1 Qe5 25. Rd4 Nf6 26. Rad1 Rad8 27. g3 g5 28. Ne2
Rc8 29. Nc3 Rc5 30. Qd2 Ra8 31. Bh1 Kg7 32. f4 Qf5 33. fxg5 Qxg5 34. Rf1 Re8
35. Rdf4 Re6 36. Qd4 h5 37. R1f3 Rc7 38. h3 Rce7 39. g4 hxg4 40. Rxg4 1-0

[Event "Mengede- Oberhausen"]
[Site "?"]
[Date "2022.11.06"]
[Round "4.1"]
[White "Puetter, Pascal"]
[Black "Borgschulze, Maik"]
[Result "1/2-1/2"]
[WhiteElo "2002"]
[BlackElo "2120"]
[PlyCount "30"]
[SourceDate "2022.10.02"]

1. e4 e6 2. d4 d5 3. exd5 exd5 4. Nf3 Nf6 5. Bd3 Bd6 6. Qe2+ Be7 7. O-O O-O 8.
c3 Re8 9. Qc2 c5 10. dxc5 Bxc5 11. Bg5 h6 12. Bh4 Bg4 13. Nbd2 Nbd7 14. Rfe1
Qb6 15. h3 Bxf3 1/2-1/2

[Event "Mengede- Oberhausen"]
[Site "?"]
[Date "2022.11.06"]
[Round "4.2"]
[White "Delvos, Thorsten"]
[Black "Kyas, Jens- Stefan"]
[Result "1-0"]
[WhiteElo "2000"]
[BlackElo "1629"]
[PlyCount "93"]
[SourceDate "2022.10.02"]

1. c4 b6 2. Nc3 c5 3. e4 Bb7 4. g3 g6 5. Bg2 Nf6 6. Nge2 Bg7 7. O-O O-O 8. e5
Bxg2 9. exf6 Bxf1 10. fxg7 Kxg7 11. Qxf1 Nc6 12. d3 e6 13. Be3 Ne5 14. Rd1 Rc8
15. b3 d5 16. d4 Nf3+ 17. Kg2 cxd4 18. Nxd4 Nxd4 19. Bxd4+ f6 20. f4 dxc4 21.
Bc5 Rxc5 22. Rxd8 Rxd8 23. Ne4 Rc7 24. Qa1 c3 25. Nxc3 Rd2+ 26. Kh3 Rcd7 27.
Ne4 R2d4 28. Qe1 Kf7 29. g4 Rd3+ 30. Kg2 R7d4 31. g5 f5 32. Nf2 Rd2 33. Qe5 Ke7
34. Kf3 Rd7 35. Qf6+ Kd6 36. Qe5+ Ke7 37. a4 R2d5 38. Qf6+ Kd6 39. Ke3 Kc5 40.
Qf8+ Kc6 41. Qc8+ Kd6 42. Nd3 Rc7 43. Qf8+ Re7 44. Ne5 Rxe5+ 45. fxe5+ Kd7 46.
Qb8 Re8 47. Qxa7+ 1-0

[Event "Mengede- Oberhausen"]
[Site "?"]
[Date "2022.11.06"]
[Round "4.3"]
[White "Heintze, Sven"]
[Black "Weinert, Christian"]
[Result "1-0"]
[WhiteElo "1779"]
[BlackElo "1943"]
[PlyCount "99"]
[SourceDate "2022.10.02"]

1. d4 d5 2. Bf4 Nf6 3. e3 e6 4. c3 Bd6 5. Bg3 O-O 6. Bd3 c5 7. Nd2 c4 8. Bc2 b5
9. e4 Ne8 10. Qf3 Bb7 11. e5 Be7 12. Ne2 a5 13. h4 b4 14. Nxc4 Ba6 15. Nd2 Nd7
16. Bd3 Bxd3 17. Qxd3 Nb6 18. Nf3 bxc3 19. Nxc3 Bb4 20. O-O Rc8 21. Rfc1 Nc4
22. Nd1 Nc7 23. Bf4 Qd7 24. Bd2 Nxd2 25. Nxd2 Nb5 26. Nf3 Qb7 27. a3 Be7 28.
Qb3 Qa6 29. Qd3 Qb6 30. Qb3 Qa6 31. Qd3 Qb6 32. b4 axb4 33. axb4 Bxb4 34. Rcb1
Rc4 35. Ne3 Rc3 36. Qd2 Rb3 37. Qd1 Rxb1 38. Rxb1 Be7 39. Qb3 Rb8 40. Nd1 Bd8
41. Qd3 Qa5 42. Nc3 Nxc3 43. Rxb8 g6 44. Rxd8+ Qxd8 45. Qxc3 h5 46. Qe3 Kg7 47.
Qg5 Qc7 48. g3 Qd7 49. Kg2 Kf8 50. Qh6+ 1-0

[Event "Mengede- Oberhausen"]
[Site "?"]
[Date "2022.11.06"]
[Round "4.4"]
[White "Bork, Sophie"]
[Black "Kuckelkorn, Joerg"]
[Result "0-1"]
[WhiteElo "1815"]
[BlackElo "1820"]
[PlyCount "106"]
[SourceDate "2022.10.02"]

1. e4 c5 2. c3 d5 3. exd5 Qxd5 4. Nf3 Nf6 5. Na3 Bg4 6. Be2 Nc6 7. d3 e6 8. Nb5
Qd8 9. Bf4 Nd5 10. Bg3 a6 11. Na3 Bd6 12. Bxd6 Qxd6 13. Nc4 Qc7 14. Ne3 Nxe3
15. fxe3 O-O 16. O-O Rad8 17. Qc2 Bf5 18. Nh4 Ne7 19. e4 Bg6 20. Rad1 Rd7 21.
Qb3 Rfd8 22. Bg4 c4 23. Qxc4 Qxc4 24. dxc4 Rxd1 25. Rxd1 Rxd1+ 26. Bxd1 Bxe4
27. Bf3 Bc6 28. Bxc6 Nxc6 29. Nf3 e5 30. Nd2 f5 31. Nb3 b6 32. c5 b5 33. Kf2
Kf7 34. Nd2 Ke6 35. b4 Kd5 36. h4 g6 37. g3 h6 38. Ke3 g5 39. hxg5 hxg5 40. Kf3
e4+ 41. Ke3 Ne5 42. Ke2 f4 43. gxf4 gxf4 44. Nb3 f3+ 45. Kf1 e3 46. Nd4 Ke4 47.
c6 e2+ 48. Nxe2 fxe2+ 49. Kxe2 Nxc6 50. Kd2 Kd5 51. Kc2 Kc4 52. Kb2 Ne7 53. a4
Nd5 0-1

[Event "Mengede- Oberhausen"]
[Site "?"]
[Date "2022.11.06"]
[Round "4.5"]
[White "Matthes, Severin Johannes"]
[Black "Kraus, Reinhard"]
[Result "1-0"]
[WhiteElo "1870"]
[BlackElo "1776"]
[Annotator "daniel"]
[PlyCount "97"]
[SourceDate "2022.10.02"]

1. e4 c5 2. Nf3 e6 3. d4 cxd4 4. Nxd4 Nf6 5. Nc3 Bb4 6. Bd3 e5 7. Nf3 O-O 8.
O-O Bxc3 9. bxc3 d5 10. exd5 e4 11. Ba3 exf3 12. Bxf8 fxg2 13. Re1 Kxf8 14. c4
Ng4 15. Qf3 Qf6 16. Qxf6 Nxf6 17. Re3 Na6 18. Rae1 Bd7 19. Re5 Re8 20. Kxg2
Rxe5 21. Rxe5 b6 22. h4 h6 23. Kg3 g6 24. f3 Nb4 25. a3 Nxd3 26. cxd3 Nh5+ 27.
Kf2 Nf4 28. Re3 Bf5 29. d4 a6 30. Rb3 Bd3 31. c5 bxc5 32. dxc5 Bb5 33. d6 Nd3+
34. Ke3 Nxc5 35. Rb4 Ke8 36. Kd4 Ne6+ 37. Ke5 Kd7 38. a4 Bc6 39. Rb6 Nc5 40. a5
Bxf3 41. Kf6 Bd5 42. Kg7 $11 h5 43. Kf6 Bc4 44. Ke5 Bb5 45. Kd5 Ne6 46. Rb7+
Ke8 47. Rxb5 axb5 48. a6 Nf8 49. a7 1-0

[Event "Mengede- Oberhausen"]
[Site "?"]
[Date "2022.11.06"]
[Round "4.6"]
[White "Echargui, Amin"]
[Black "Boecker, Juergen"]
[Result "1-0"]
[WhiteElo "1776"]
[BlackElo "1919"]
[PlyCount "93"]
[SourceDate "2022.10.02"]

1. e4 e5 2. Nf3 d5 3. Nxe5 Bd6 4. d4 dxe4 5. Nc4 Nf6 6. Nxd6+ Qxd6 7. Be2 O-O
8. O-O Nc6 9. c3 Ne7 10. Bg5 Ng6 11. Nd2 Re8 12. Nc4 Qe7 13. Ne3 h6 14. Nd5 Qd6
15. Nxf6+ gxf6 16. Bxh6 Kh7 17. Be3 f5 18. Bc4 Kg7 19. f4 Rh8 20. Qe1 Bd7 21.
g3 Ne7 22. Bb3 Rh6 23. c4 Rah8 24. Rf2 Qg6 25. d5 Qh7 26. Qd2 Rh3 27. Rg2 Ng8
28. Bd4+ f6 29. Rc1 Nh6 30. Bd1 Ng4 31. Bxg4 fxg4 32. Rc2 Bf5 33. Be3 Kg6 34.
Qb4 b6 35. Rcd2 Rd8 36. Qc3 a5 37. c5 Rb8 38. d6 bxc5 39. Bxc5 e3 40. Qxe3 cxd6
41. Rxd6 Qc7 42. Qe5 Qf7 43. Rgd2 Rhh8 44. Rxf6+ Qxf6 45. Rd6 Qxd6 46. Qxd6+
Kf7 47. Qe7+ 1-0

[Event "Mengede- Oberhausen"]
[Site "?"]
[Date "2022.11.06"]
[Round "4.7"]
[White "Barutta, Larissa"]
[Black "Ropel, Dennis"]
[Result "1/2-1/2"]
[WhiteElo "1595"]
[BlackElo "1743"]
[PlyCount "44"]
[SourceDate "2022.10.02"]

1. d4 Nf6 2. c4 g6 3. Nf3 Bg7 4. Nc3 d5 5. Bg5 c6 6. e3 Ne4 7. Bf4 Nxc3 8. bxc3
O-O 9. Be2 dxc4 10. Bxc4 c5 11. O-O Nc6 12. Rc1 Bg4 13. h3 Bxf3 14. Qxf3 e5 15.
dxe5 Bxe5 16. Bh6 Bg7 17. Bxg7 Kxg7 18. Rfd1 Qe7 19. Bd5 Rac8 20. Rb1 Rfd8 21.
Rb2 Rc7 22. Bxc6 Rxd1+ 1/2-1/2

[Event "Mengede- Oberhausen"]
[Site "?"]
[Date "2022.11.06"]
[Round "4.8"]
[White "Schmidt, Jonas"]
[Black "Hufnagel, Markus"]
[Result "1/2-1/2"]
[WhiteElo "1728"]
[BlackElo "1688"]
[PlyCount "36"]
[SourceDate "2022.10.02"]

1. e4 c5 2. Nf3 Nc6 3. d3 e6 4. g3 g6 5. Bg2 Bg7 6. O-O Nge7 7. Nbd2 O-O 8. h3
b6 9. Kh2 Bb7 10. Nh4 d5 11. f4 dxe4 12. dxe4 Ba6 13. Re1 Rc8 14. c3 Qc7 15.
Qf3 Rcd8 16. Nf1 Na5 17. Ne3 Bb7 18. Qf2 f5 1/2-1/2

[Event "Sodingen 2- Kamen 2"]
[Site "?"]
[Date "2022.11.06"]
[Round "4.1"]
[White "Rumpf, Thomas"]
[Black "Evertz, Dieter"]
[Result "1/2-1/2"]
[WhiteElo "2101"]
[BlackElo "2051"]
[PlyCount "79"]
[SourceDate "2022.10.02"]

1. e4 d5 2. exd5 Qxd5 3. Nc3 Qd6 4. d4 c6 5. Nf3 Bg4 6. Be2 Nf6 7. O-O Nbd7 8.
h3 Bh5 9. g3 Bxf3 10. Bxf3 Nb6 11. Bf4 Qb4 12. a3 Qc4 13. Qd2 Rd8 14. Rad1 Qe6
15. Bg2 Nfd5 16. Rfe1 Qd7 17. Nxd5 cxd5 18. b3 e6 19. Qa5 Nc8 20. c4 b6 21. Qc3
Ne7 22. Bg5 f6 23. Bc1 Kf7 24. h4 Rc8 25. Bh3 f5 26. c5 g6 27. b4 Bg7 28. Bf1
bxc5 29. bxc5 Rb8 30. Bf4 Rbd8 31. Be5 Bxe5 32. Rxe5 Nc6 33. Bb5 Rb8 34. Bxc6
Qxc6 35. Rde1 Rhe8 36. Qe3 h5 37. Qh6 Rh8 38. Qe3 Rhe8 39. Qh6 Rh8 40. Qe3
1/2-1/2